| 000 | 00766nam a2200205 a 4500 | ||
|---|---|---|---|
| 008 | 060316s1979 ||||||||||||||||| || u | ||
| 020 | _a0471034002 | ||
| 050 | _aNA 737.W7 Two | ||
| 100 | _aTwombly, Robert C | ||
| 245 | 1 | 0 | _aFrank Lloyd Wright: his life and his architecture / |
| 260 |
_aNew York : _bJohn Wiley and Sons _c1979 |
||
| 300 | _ax, 444 p. : ill. | ||
| 350 | _a0.00 | ||
| 500 | _aBibliography: p. 423-434. | ||
| 650 | _aTEXTBOOKS | ||
| 650 | _aWRIGHT, FRANK LLOYD, 1867-1959--INFLUENCE | ||
| 650 | _aARCHITECTURAL DESIGN--EVALUATION | ||
| 650 | _aWRIGHT, FRANK LLOYD, 1867-1959 | ||
| 995 |
_D0.00 _FCBU-MAIN LIBRARY (Kitwe) _H1 _I0.00 _M1 _UDAMAGED _WNov 27, 2007 _ZMain Library Open Access Collection |
||
| 999 |
_c43970 _d43970 |
||